000
00208 a2200097 4500
001
47492
100
_a
Crisp R
245
_a
Brazen chariots
260
_a
London
_b
Frederick Muller
_c
090
_c
30512
_d
30512
942
_a
NUST-CAE
_c
M
_c
22795
999
_c
282565
_d
282565